00735 2200217 4500001002100000005001700021008004100038035002400079082001100103090002300114100001700137245009900154250001100253260003500264300002900299504001700328534011000345650002300455700001900478999002000497YOGYA-0311000000060620110330111759.0 ind  0010-031100000000606 a297.67 a297.67bHam PlDEP aHAMIM, Thoha aPaham keagamaan kaum reformisbThoha Hamimcpenerjemah Imron Rosyididpenyunting Imron Rosyidi aCet. 1 aYogyakartabTiara Wacanac2000 axiii hlmb325 hlmc21 cm ahlm. 289-316 ajudul asli : Moenawar Chalil's Reformist Thought = A Study of an Indonesian Religious Scholar (1908-1961) aIslam perkembangan aRosyidi, Imron aCB-D.11 2000-83